Giáo dục bảo tồn có sự tham gia của cộng đồng

Tài liệu đề cập đến những vấn đề chính như giáo dục bảo tồn, môi trường và thay đổi hành vi, thúc đẩy cộng đồng, và xây dựng chương trình giáo dục bảo tồn.

Na minha lista:
Detalhes bibliográficos
Autor principal: Matarasso, Michael
Formato: Livro
Idioma:Undetermined
Publicado em: Hà Nội Quỹ Quốc tế vầ Bảo vệ Thiên nhiên 2004
Assuntos:
Tags: Adicionar Tag
Sem tags, seja o primeiro a adicionar uma tag!
Thư viện lưu trữ: Trung tâm Học liệu Trường Đại học Cần Thơ
LEADER 00898nam a2200193Ia 4500
001 CTU_141624
008 210402s9999 xx 000 0 und d
082 |a 363.7 
082 |b M425 
100 |a Matarasso, Michael 
245 0 |a Giáo dục bảo tồn có sự tham gia của cộng đồng 
245 0 |c Michael Matarasso ; Trần Ngọc Hiền biên dịch 
260 |a Hà Nội 
260 |b Quỹ Quốc tế vầ Bảo vệ Thiên nhiên 
260 |c 2004 
520 |a Tài liệu đề cập đến những vấn đề chính như giáo dục bảo tồn, môi trường và thay đổi hành vi, thúc đẩy cộng đồng, và xây dựng chương trình giáo dục bảo tồn. 
650 |a Environmental protection 
904 |i Bạch Trúc 
980 |a Trung tâm Học liệu Trường Đại học Cần Thơ